000 00453nam a2200169Ia 4500
008 131103s9999 xx 000 0 und d
040 _aLoreto College
041 _aEnglish
082 _a301/NIV
_bLCBED/7347
100 _aSister Nivedita
245 _aCradle tales of hinduism
_cSister Nivedita
260 _aCalcutta
_bAdvaita Ashrama
_c1955
300 _axii,312 p.
_c 18cm.
650 _aSocial Science
850 _aLCBED/301/NIV
942 _cBK
999 _c34296
_d84775